LEADER 01289cam0-22004211i-450- 001 990005863210403321 005 20130204093310.0 035 $a000586321 035 $aFED01000586321 035 $a(Aleph)000586321FED01 035 $a000586321 100 $a20000421d1984----km-y0itay50------ba 101 0 $aita 102 $aIT 105 $ay-------001yy 200 1 $a<>associazioni segrete$eLibertà associativa e diritti dell'associato tra legge Rocco (1925) e legge sulla P2 (1982)$fLelio Barbiera, Gaetano Contento, Paolo Giocoli Nacci 210 $aNapoli$cJovene$d1984 215 $aX, 234 p.$d23 cm 610 0 $aSocietà segrete$aLegislazione 676 $a346.4506$v21$zita 700 1$aBarbiera,$bLelio$f<1930- >$034473 701 1$aContento,$bGaetano$0168409 701 1$aGiacoli Nacci$bPaolo$0403007 801 0$aIT$bUNINA$gREICAT$2UNIMARC 901 $aBK 912 $a990005863210403321 952 $a366.1 BAR 1$bBIBL.28230$fFLFBC 952 $aV B 111$b10302$fFSPBC 952 $aIX B 67$b2685$fDDCIC 952 $a19-E-7$b4580$fDDCP 952 $aPECORARO ALBANI B6$b5170$fDSPCP 959 $aFLFBC 959 $aFSPBC 959 $aDDCIC 959 $aDDCP 959 $aDSPCP 996 $aAssociazioni segrete$9564865 997 $aUNINA LEADER 01274nam 2200337 n 450 001 996389008403316 005 20221108042602.0 035 $a(CKB)1000000000640053 035 $a(EEBO)2240928130 035 $a(UnM)9928372400971 035 $a(UnM)99832828 035 $a(EXLCZ)991000000000640053 100 $a19951214d1696 uy | 101 0 $aeng 135 $aurbn||||a|bb| 200 14$aThe English chronology$b[electronic resource] $ebeing a brief chronological account of the most considerable publick occurrences that have happen'd in these kingdoms, and other adjacent parts, since King William the Third's accession to the crown. From 1688, to 1696 210 $aOxford $cprinted by L. Lichfield, for John Howell bookseller$d1696 215 $a[4], 127, [13] p 300 $aWith an initial advertisement leaf, and errata on pi2v. 300 $aWith an index. 300 $aReproduction of the original in the British Library. 330 $aeebo-0018 607 $aGreat Britain$xHistory$xChronology$vEarly works to 1800 700 $aSmithurst$b Benjamine$01013744 801 0$bCu-RivES 801 1$bCu-RivES 801 2$bWaOLN 906 $aBOOK 912 $a996389008403316 996 $aThe English chronology$92360700 997 $aUNISA